Xử lý nước cấp cho sinh hoạt và công nghiệp
Cuốn sách trình bày chất lượng nước thiên nhiên dùng để cấp nước; Các quá trinh và sơ đồ dây chuyền công nghệ xử lý nước thiên nhiên; Keo tụ chất bẩn trong nước bằng phèn; Hóa chất dùng để xử lý nước các thiết bị pha chế định l...
Đã lưu trong:
| Príomhúdar: | |
|---|---|
| Formáid: | Leabhar |
| Teanga: | Undetermined |
| Foilsithe: |
Hà Nội
Xây dựng
2010
|
| Ábhair: | |
| Clibeanna: |
Cuir Clib Leis
Gan Chlibeanna, Bí ar an gcéad duine leis an taifead seo a chlibeáil!
|
| Thư viện lưu trữ: | Trung tâm Học liệu Trường Đại học Cần Thơ |
|---|
| LEADER | 01401nam a2200241Ia 4500 | ||
|---|---|---|---|
| 001 | CTU_169077 | ||
| 008 | 210402s9999 xx 000 0 und d | ||
| 020 | |c 146000 | ||
| 082 | |a 628.162 | ||
| 082 | |b L103 | ||
| 100 | |a Trịnh, Xuân Lai | ||
| 245 | 0 | |a Xử lý nước cấp cho sinh hoạt và công nghiệp | |
| 245 | 0 | |c Trịnh Xuân Lai | |
| 260 | |a Hà Nội | ||
| 260 | |b Xây dựng | ||
| 260 | |c 2010 | ||
| 520 | |a Cuốn sách trình bày chất lượng nước thiên nhiên dùng để cấp nước; Các quá trinh và sơ đồ dây chuyền công nghệ xử lý nước thiên nhiên; Keo tụ chất bẩn trong nước bằng phèn; Hóa chất dùng để xử lý nước các thiết bị pha chế định lượng; Trộn và phản ứng tạo bông cặn; Quá trình lắng và bể lắng;... | ||
| 526 | |a Nước cấp, nước thải kỹ nghệ,Nước cấp, nước thải kỹ nghệ,Kỹ thuật xử lý nước thải và nước cấp nâng cao | ||
| 526 | |b NN167,SP502,MT681 | ||
| 650 | |a Water supply,Water,Water,Cung cấp nước,Nước | ||
| 650 | |x Purification,Filtration,Xử lý nước | ||
| 904 | |i Trọng Hiếu | ||
| 980 | |a Trung tâm Học liệu Trường Đại học Cần Thơ | ||